[Event "Moscow-ch op Superfinal"]
[Site "Ershovo"]
[Date "2024.02.24"]
[Round "3"]
[White "Goganov, Aleksey"]
[Black "Sabirov, Timur"]
[Result "1-0"]
[WhiteElo "2491"]
[BlackElo "2152"]
[PlyCount "67"]
[EventDate "2024.02.23"]
[EventType "swiss"]
[EventRounds "10"]
[EventCountry "RUS"]
[SourceTitle "CB10_2024"]
[SourceDate "2024.03.06"]
[SourceVersion "1"]
[SourceVersionDate "2024.03.06"]
[SourceQuality "1"]

1. d4 d5 2. c4 dxc4 3. Nf3 Nf6 4. e3 Bg4 5. Bxc4 e6 6. h3 Bh5 7. 0-0 Bd6 8. Nbd2 Nc6 9. Be2 0-0 10. Nc4 Ne4 11. Nfd2 Bxe2 12. Qxe2 Nxd2 13. Bxd2 e5 14. d5 Nb4 15. Na5 Rb8 16. Qc4 b6 17. Bxb4 bxa5 18. Bc3 Qd7 19. Rac1 Qb5 20. b3 a4 21. Qxa4 Qxd5 22. Ba5 e4 23. Bxc7 Bxc7 24. Rxc7 a5 25. Rc4 Rfe8 26. Rd4 Qf5 27. Rfd1 h6 28. Rd5 Qf6 29. Qxa5 Ra8 30. Qd2 Kh7 31. a4 Reb8 32. Qc2 Qe6 33. a5 f5 34. Qc3 1-0

[Event "Moscow-ch op Superfinal"]
[Site "Ershovo"]
[Date "2024.02.24"]
[Round "2"]
[White "Yakimenko, Alexander A"]
[Black "Sabirov, Timur"]
[Result "0-1"]
[WhiteElo "2004"]
[BlackElo "2152"]
[PlyCount "120"]
[EventDate "2024.02.23"]
[EventType "swiss"]
[EventRounds "10"]
[EventCountry "RUS"]
[SourceTitle "CB10_2024"]
[SourceDate "2024.03.06"]
[SourceVersion "1"]
[SourceVersionDate "2024.03.06"]
[SourceQuality "1"]

1. d4 d5 2. c4 c6 3. Nc3 Nf6 4. e3 Bf5 5. Bd3 Bxd3 6. Qxd3 e6 7. Nge2 Nbd7 8. 0-0 Qa5 9. cxd5 exd5 10. Bd2 Bb4 11. a3 Bxc3 12. Bxc3 Qd8 13. f3 0-0 14. Ng3 Re8 15. Rae1 h5 16. Qb1 h4 17. Nh1 g6 18. Nf2 Nh5 19. Nh3 Qf6 20. e4 Nf4 21. Nxf4 Qxf4 22. Qd3 Qg5 23. Bd2 Qh5 24. e5 Rad8 25. f4 f5 26. Re3 Kf7 27. Rh3 Qg4 28. Be1 Rh8 29. Qf3 Rc8 30. Qb3 b6 31. Rff3 Ke6 32. Qa4 c5 33. dxc5 Rxc5 34. Rc3 Rhc8 35. Rhf3 Rxc3 36. Bxc3 Rc4 37. Qb3 h3 38. Rxh3 Qxf4 39. Rf3 Qc1+ 40. Rf1 Qe3+ 41. Kh1 Qe2 42. Re1 Rf4 43. Qd1 Qxd1 44. Rxd1 Nxe5 45. h3 Nc4 46. Kh2 Re4 47. Kg3 Nxa3 48. Kf3 Nb5 49. Bg7 d4 50. g4 Kd5 51. gxf5 gxf5 52. Bf6 Re3+ 53. Kg2 Ke4 54. h4 Re2+ 55. Kh3 d3 56. h5 Nd4 57. h6 Nf3 58. Rh1 d2 59. h7 Rh2+ 60. Rxh2 d1Q 0-1

[Event "Ufa Startsev Memorial"]
[Site "Ufa"]
[Date "2024.02.10"]
[Round "7"]
[White "Sabirov, Timur"]
[Black "Kokarev, Dmitry"]
[Result "0-1"]
[WhiteElo "2152"]
[BlackElo "2579"]
[PlyCount "76"]
[EventDate "2024.02.06"]
[EventType "swiss"]
[EventRounds "9"]
[EventCountry "RUS"]
[SourceTitle "CB07_2024"]
[SourceDate "2024.02.14"]
[SourceVersion "1"]
[SourceVersionDate "2024.02.14"]
[SourceQuality "1"]

1. e4 c5 2. Nf3 d6 3. d4 cxd4 4. Nxd4 Nf6 5. Nc3 a6 6. h3 e6 7. g4 h6 8. Bg2 Be7 9. h4 g6 10. g5 hxg5 11. hxg5 Rxh1+ 12. Bxh1 Nh7 13. f4 e5 14. Nb3 exf4 15. Bxf4 Nc6 16. Nd5 Bxg5 17. Bxg5 Nxg5 18. Qd2 Be6 19. 0-0-0 Bxd5 20. exd5 Ne5 21. Na5 Rb8 22. Qb4 Kf8 23. Rf1 Kg8 24. Kb1 Nh7 25. Bg2 Qc7 26. Qh4 Re8 27. Rh1 f5 28. Nb3 Qe7 29. Qh6 Nf8 30. Qh8+ Kf7 31. c3 Qf6 32. Qh3 Ng4 33. Qg3 Qe5 34. Qh4 Qe2 35. Nd4 Qxg2 36. Ne6 Nxe6 37. dxe6+ Kxe6 38. Re1+ Ne5 0-1

[Event "Ufa Startsev Memorial Rapid"]
[Site "Ufa"]
[Date "2024.02.05"]
[Round "6"]
[White "Kokarev, Dmitry"]
[Black "Sabirov, Timur"]
[Result "1-0"]
[WhiteElo "2579"]
[BlackElo "2152"]
[PlyCount "81"]
[EventDate "2024.02.04"]
[EventType "swiss (rapid)"]
[EventRounds "11"]
[EventCountry "RUS"]
[SourceTitle "CB07_2024"]
[SourceDate "2024.02.14"]
[SourceVersion "1"]
[SourceVersionDate "2024.02.14"]
[SourceQuality "1"]

1. e4 e6 2. d4 d5 3. Nc3 Bb4 4. e5 c5 5. a3 Bxc3+ 6. bxc3 Ne7 7. a4 Qa5 8. Nf3 Nbc6 9. Bd2 Bd7 10. h4 f6 11. Bd3 c4 12. Be2 Qc7 13. Bf4 Ng6 14. Bg3 Qa5 15. 0-0 Qxc3 16. h5 Nge7 17. h6 gxh6 18. exf6 Nf5 19. f7+ Kd8 20. Bh2 Rf8 21. Ne5 Nfxd4 22. Nxc6+ Bxc6 23. Bh5 Nf5 24. Qc1 Qg7 25. Qf4 Rc8 26. Rfe1 Bd7 27. Qd2 Qg5 28. Qb4 Ne7 29. Qa5+ b6 30. Qxa7 Nc6 31. Qxb6+ Ke7 32. Qc5+ Kf6 33. Bd6 Rxf7 34. Bxf7 Kxf7 35. Ra3 Qd2 36. Rf3+ Kg8 37. Rg3+ Kh8 38. Ree3 Rg8 39. Kh2 h5 40. Qxc6 Qxe3 41. Rxg8+ 1-0

[Event "Ufa Startsev Memorial Rapid"]
[Site "Ufa"]
[Date "2024.02.05"]
[Round "11"]
[White "Obgolts, Erik"]
[Black "Sabirov, Timur"]
[Result "1-0"]
[WhiteElo "2420"]
[BlackElo "2152"]
[PlyCount "89"]
[EventDate "2024.02.04"]
[EventType "swiss (rapid)"]
[EventRounds "11"]
[EventCountry "RUS"]
[SourceTitle "CB07_2024"]
[SourceDate "2024.02.14"]
[SourceVersion "1"]
[SourceVersionDate "2024.02.14"]
[SourceQuality "1"]

1. Nf3 Nf6 2. d4 d5 3. Bf4 g6 4. e3 Bg7 5. h3 c5 6. c3 0-0 7. Nbd2 Nfd7 8. Be2 Nc6 9. 0-0 b6 10. b4 e5 11. dxe5 Ndxe5 12. Nxe5 Nxe5 13. bxc5 bxc5 14. Qa4 Be6 15. Rac1 Qe7 16. Rfd1 Rfd8 17. Qa3 Bf5 18. Nb3 Rac8 19. Nd4 Be6 20. Nxe6 fxe6 21. c4 Nxc4 22. Bxc4 dxc4 23. Rxd8+ Rxd8 24. Rxc4 Qh4 25. Qb3 Qe7 26. Kh2 Bf8 27. Bg3 Rd5 28. Re4 Qf7 29. Qb8 Rf5 30. Ra4 c4 31. Rxc4 Rd5 32. Rc8 Rf5 33. Bd6 Qg7 34. f4 Rf7 35. g4 g5 36. Bxf8 Rxf8 37. Rxf8+ Qxf8 38. Qxf8+ Kxf8 39. fxg5 Ke7 40. Kg3 Kd6 41. h4 a5 42. h5 Ke7 43. Kf4 a4 44. Ke5 a3 45. g6 1-0

[Event "Ufa Startsev Memorial Rapid"]
[Site "Ufa"]
[Date "2024.02.04"]
[Round "3"]
[White "Sabirov, Timur"]
[Black "Afanasiev, Nikita"]
[Result "1-0"]
[WhiteElo "2152"]
[BlackElo "2540"]
[PlyCount "111"]
[EventDate "2024.02.04"]
[EventType "swiss (rapid)"]
[EventRounds "11"]
[EventCountry "RUS"]
[SourceTitle "CB07_2024"]
[SourceDate "2024.02.14"]
[SourceVersion "1"]
[SourceVersionDate "2024.02.14"]
[SourceQuality "1"]

1. c4 e6 2. d4 d5 3. cxd5 exd5 4. Nc3 c6 5. e4 dxe4 6. Nxe4 Bb4+ 7. Nc3 Nf6 8. Bc4 Qe7+ 9. Nge2 Be6 10. Bd3 0-0 11. 0-0 Rd8 12. Bg5 h6 13. Bh4 Nbd7 14. Nf4 Nf8 15. Re1 Rxd4 16. Bh7+ N6xh7 17. Qxd4 Bxc3 18. bxc3 g5 19. Nxe6 Nxe6 20. Bg3 Nhf8 21. Qd6 Qxd6 22. Bxd6 Nd7 23. a4 Nb6 24. f3 Rd8 25. Bg3 Rd3 26. Bf2 c5 27. Reb1 Rd7 28. g3 Kg7 29. Rb5 Nc4 30. Bxc5 a6 31. Rb4 Nd2 32. Be3 Nxf3+ 33. Kg2 Ne5 34. Rab1 Rd3 35. Re4 Nd7 36. Bd4+ Nf6 37. Rxe6 fxe6 38. Rf1 Rd2+ 39. Kg1 Rxd4 40. cxd4 b6 41. a5 bxa5 42. Ra1 Nd5 43. Rxa5 Nb4 44. Kf2 Kf6 45. Ra4 Nc6 46. d5 Nd8 47. Rxa6 Ke5 48. d6 Nf7 49. d7 Kf6 50. Rd6 Ke7 51. Rd1 Kd8 52. h3 Ke7 53. Ke3 Kd8 54. Ke4 Ke7 55. h4 Kd8 56. Rf1 1-0

[Event "Ufa Startsev Memorial Blitz"]
[Site "Ufa"]
[Date "2024.02.03"]
[Round "10"]
[White "Sabirov, Timur"]
[Black "Pingin, Artem"]
[Result "0-1"]
[WhiteElo "2152"]
[BlackElo "2423"]
[PlyCount "52"]
[EventDate "2024.02.03"]
[EventType "swiss (blitz)"]
[EventRounds "13"]
[EventCountry "RUS"]
[SourceTitle "CB07_2024"]
[SourceDate "2024.02.14"]
[SourceVersion "1"]
[SourceVersionDate "2024.02.14"]
[SourceQuality "1"]

1. d4 d5 2. Nf3 Nf6 3. c4 dxc4 4. e3 e6 5. Bxc4 a6 6. 0-0 c5 7. e4 b5 8. Bd3 Bb7 9. e5 Nd5 10. Nc3 cxd4 11. Ne4 h6 12. Nxd4 Nd7 13. Nf3 Be7 14. a4 b4 15. a5 Qc7 16. Re1 Rd8 17. Qe2 Nxe5 18. Nxe5 Qxe5 19. Bxa6 Bxa6 20. Qxa6 0-0 21. Qe2 Ra8 22. a6 Rfc8 23. Kh1 b3 24. f3 Rc2 25. Qb5 Bd6 26. g3 Qh5 0-1

[Event "Khanty-Mansiysk Governor Cup Rapid"]
[Site "Khanty-Mansiysk"]
[Date "2023.11.27"]
[Round "8"]
[White "Belyakov, Bogdan"]
[Black "Sabirov, Timur"]
[Result "0-1"]
[WhiteElo "2415"]
[BlackElo "2250"]
[PlyCount "80"]
[EventDate "2023.11.26"]
[EventType "swiss (rapid)"]
[EventRounds "11"]
[EventCountry "RUS"]
[SourceTitle "CB49_2023"]
[SourceDate "2023.12.06"]
[SourceVersion "1"]
[SourceVersionDate "2023.12.06"]
[SourceQuality "1"]

1. e4 e6 2. d4 d5 3. Nc3 Bb4 4. a3 Bxc3+ 5. bxc3 dxe4 6. f3 c5 7. Qd2 Nc6 8. Bb2 Bd7 9. 0-0-0 Nf6 10. fxe4 Nxe4 11. Qe1 f5 12. Bd3 Qg5+ 13. Kb1 Qxg2 14. Ne2 g5 15. Rg1 Qf3 16. Bxe4 Qxe4 17. Rxg5 0-0-0 18. Qf2 Rhg8 19. Ng3 Qd5 20. Rh5 Na5 21. Qe2 Bc6 22. Re1 Rg6 23. Rxh7 cxd4 24. Qh5 d3 25. Rc1 dxc2+ 26. Rxc2 Ba4 27. Qe2 Bxc2+ 28. Qxc2 Nc4 29. Bc1 Kb8 30. Ka1 Ka8 31. Rh4 Qc5 32. Qd3 Rc8 33. Qd4 Qxd4 34. cxd4 Nb6 35. Bb2 Nd5 36. Kb1 f4 37. Ne4 f3 38. Rh3 Rf8 39. Bc1 Nc3+ 40. Nxc3 f2 0-1

[Event "Khanty-Mansiysk Governor Cup Rapid"]
[Site "Khanty-Mansiysk"]
[Date "2023.11.26"]
[Round "3"]
[White "Sabirov, Timur"]
[Black "Demidov, Mikhail"]
[Result "0-1"]
[WhiteElo "2250"]
[BlackElo "2562"]
[PlyCount "116"]
[EventDate "2023.11.26"]
[EventType "swiss (rapid)"]
[EventRounds "11"]
[EventCountry "RUS"]
[SourceTitle "CB49_2023"]
[SourceDate "2023.12.06"]
[SourceVersion "1"]
[SourceVersionDate "2023.12.06"]
[SourceQuality "1"]

1. e4 Nf6 2. Nc3 d5 3. e5 Nfd7 4. d4 c5 5. f4 cxd4 6. Nce2 Qa5+ 7. Qd2 Qxd2+ 8. Bxd2 Nc6 9. Nf3 Nc5 10. Nexd4 Bg4 11. Bb5 Rc8 12. Be3 Bxf3 13. gxf3 e6 14. c3 Nd7 15. Nb3 a6 16. Bd3 Be7 17. 0-0-0 g6 18. Bc2 Bd8 19. Rhg1 Bb6 20. Bxb6 Nxb6 21. f5 gxf5 22. f4 Ke7 23. Rg7 Rcg8 24. Rdg1 Kf8 25. Rxg8+ Rxg8 26. Rxg8+ Kxg8 27. Nc5 Nd8 28. Bd3 Kf8 29. b4 Ke7 30. a4 d4 31. cxd4 Nd5 32. b5 axb5 33. a5 Nxf4 34. Bxb5 Nd5 35. Bc4 Nc7 36. Kd2 Nc6 37. Nxb7 Nxd4 38. Ke3 Nc6 39. Kf4 f6 40. exf6+ Kxf6 41. h4 Ne5 42. Be2 Nc6 43. Bd3 e5+ 44. Kf3 Nb4 45. Bb1 Nb5 46. Nc5 Nc3 47. Bd3 Nxd3 48. Nxd3 e4+ 49. Ke3 Nd5+ 50. Kd2 exd3 51. a6 Nc7 52. a7 Ke5 53. Kxd3 f4 54. Ke2 h5 55. Kd3 Kf5 56. Kc4 f3 57. Kc5 f2 58. a8Q Nxa8 0-1

[Event "Khanty-Mansiysk Governor Cup 19th"]
[Site "Khanty-Mansiysk"]
[Date "2023.11.18"]
[Round "2"]
[White "Sabirov, Timur"]
[Black "Obgolts, Erik"]
[Result "0-1"]
[WhiteElo "2250"]
[BlackElo "2448"]
[PlyCount "88"]
[EventDate "2023.11.17"]
[EventType "swiss"]
[EventRounds "9"]
[EventCountry "RUS"]
[SourceTitle "CB48_2023"]
[SourceDate "2023.11.29"]
[SourceVersion "1"]
[SourceVersionDate "2023.11.29"]
[SourceQuality "1"]

1. Nf3 c5 2. g3 Nc6 3. Bg2 g6 4. 0-0 Bg7 5. c4 d6 6. Nc3 Qd7 7. Qa4 e6 8. e3 Nge7 9. d4 0-0 10. Rd1 cxd4 11. Nb5 a6 12. Qa3 axb5 13. Qxa8 bxc4 14. Nxd4 Nxd4 15. exd4 d5 16. b3 b5 17. bxc4 Bb7 18. Qa7 Ra8 19. Qb6 bxc4 20. Bd2 Nc8 21. Qb2 Nd6 22. Bb4 Bc6 23. Bc5 Ne4 24. Bb4 Ba4 25. Rdc1 Nd6 26. Bc5 Nb5 27. Rab1 Rc8 28. Qd2 e5 29. Qa5 exd4 30. Qxa4 Rxc5 31. Qa8+ Bf8 32. a4 Nc7 33. Qa7 d3 34. Rb8 Qe7 35. Bf3 d2 36. Rc2 c3 37. Kg2 Kg7 38. Qb6 Ne6 39. a5 Nd4 40. Rxc3 Nxf3 41. Qb2 Qf6 42. Rxf3 Qxb2 43. Rxb2 d1Q 44. Rb7 Qxf3+ 0-1

[Event "Minsk op"]
[Site "Minsk"]
[Date "2023.11.05"]
[Round "3"]
[White "Petrasian, Artur"]
[Black "Sabirov, Timur"]
[Result "0-1"]
[WhiteElo "1530"]
[BlackElo "2250"]
[PlyCount "108"]
[EventDate "2023.11.03"]
[EventType "swiss"]
[EventRounds "9"]
[EventCountry "BLR"]
[SourceTitle "CB46_2023"]
[SourceDate "2023.11.15"]
[SourceVersion "1"]
[SourceVersionDate "2023.11.15"]
[SourceQuality "1"]

1. d4 d5 2. c4 dxc4 3. Nf3 Nf6 4. e3 Bg4 5. Bxc4 e6 6. 0-0 Bd6 7. Nc3 Nc6 8. Be2 0-0 9. b3 e5 10. d5 Ne7 11. h3 Bd7 12. e4 Ng6 13. Re1 a6 14. Bf1 b5 15. g3 c6 16. dxc6 Bxc6 17. Bg5 h6 18. Bxf6 Qxf6 19. Kg2 Bb4 20. Rc1 Rad8 21. Bd3 Qd6 22. Bb1 Qb8 23. Qe2 Qb7 24. Red1 Rxd1 25. Nxd1 Re8 26. Qc2 Re6 27. Ne3 Ne7 28. Nh4 g6 29. Kh2 Rd6 30. Rd1 Rxd1 31. Nxd1 Nc8 32. Ne3 Nd6 33. f3 Qb6 34. Qd3 Qc5 35. Bc2 Bc3 36. a3 a5 37. a4 Bd4 38. Nhg2 Bd7 39. Ng4 Kg7 40. N4e3 Be6 41. h4 bxa4 42. bxa4 Nc4 43. Nxc4 Bxc4 44. Qd1 Qa3 45. Kh3 Qc3 46. Kh2 Bf2 47. Kh3 g5 48. hxg5 hxg5 49. Qd8 f6 50. Qd7+ Bf7 51. Qd3 Qc8+ 52. Kh2 Qh8+ 53. Nh4 gxh4 54. g4 Qh6 0-1

[Event "Minsk op"]
[Site "Minsk"]
[Date "2023.11.04"]
[Round "2"]
[White "Sabirov, Timur"]
[Black "Tkachou, Viktar"]
[Result "1/2-1/2"]
[WhiteElo "2250"]
[BlackElo "1605"]
[PlyCount "107"]
[EventDate "2023.11.03"]
[EventType "swiss"]
[EventRounds "9"]
[EventCountry "BLR"]
[SourceTitle "CB46_2023"]
[SourceDate "2023.11.15"]
[SourceVersion "1"]
[SourceVersionDate "2023.11.15"]
[SourceQuality "1"]

1. e4 c6 2. c4 d5 3. exd5 cxd5 4. cxd5 Qxd5 5. Nc3 Qd8 6. Bc4 Nf6 7. Nf3 e6 8. 0-0 Be7 9. d4 Nc6 10. a3 a6 11. Ba2 0-0 12. Re1 b5 13. Qd3 Bb7 14. Bb1 Re8 15. Bg5 g6 16. Ba2 Nh5 17. Bh6 Nf6 18. Rad1 Qc7 19. d5 exd5 20. Nxd5 Nxd5 21. Qxd5 Bf6 22. Qd7 Rxe1+ 23. Nxe1 Qxd7 24. Rxd7 Nd8 25. Nd3 Be4 26. Nc5 Bf5 27. Rd2 Ne6 28. Nd7 Bg7 29. Bxg7 Kxg7 30. Ne5 Rd8 31. Rd7 Rxd7 32. Nxd7 Nd8 33. Nc5 a5 34. Bd5 Kf6 35. Bf3 Ke5 36. Be2 b4 37. Nb3 Nc6 38. Bf3 Be4 39. Bg4 Bd5 40. Bd1 Bxb3 41. Bxb3 bxa3 42. bxa3 f6 43. h4 h6 44. Kf1 Nd4 45. Ba4 Nf5 46. g3 Nd6 47. Ke2 Kd4 48. Kd2 Nc4+ 49. Ke2 Nxa3 50. f4 Nc4 51. Be8 g5 52. hxg5 hxg5 53. Kf3 Nd6 54. Bd7 1/2-1/2

[Event "Chigorin Memorial 30th"]
[Site "St Petersburg"]
[Date "2023.10.26"]
[Round "6"]
[White "Goganov, Aleksey"]
[Black "Sabirov, Timur"]
[Result "1/2-1/2"]
[WhiteElo "2519"]
[BlackElo "2187"]
[PlyCount "75"]
[EventDate "2023.10.21"]
[EventType "swiss"]
[EventRounds "9"]
[EventCountry "RUS"]
[SourceTitle "Mega2024 Update 01"]
[Source "Chessbase"]
[SourceDate "2023.11.12"]
[SourceVersion "1"]
[SourceVersionDate "2023.11.12"]
[SourceQuality "1"]

1. e4 e6 2. d4 d5 3. Nc3 Bb4 4. e5 c5 5. a3 Bxc3+ 6. bxc3 Ne7 7. Qg4 Qc7 8. Bd3 c4 9. Be2 Qa5 10. Bd2 Nf5 11. Qf3 Qa4 12. g4 Ne7 13. Bd1 Nbc6 14. Ne2 Bd7 15. h4 h6 16. h5 Rf8 17. Ng3 f6 18. exf6 Rxf6 19. Qe3 e5 20. 0-0 Re6 21. dxe5 Rxe5 22. Qf4 0-0-0 23. Re1 Rxe1+ 24. Bxe1 Qb5 25. Ne2 Qb2 26. f3 g5 27. hxg6 Nxg6 28. Qc1 Qxc1 29. Rxc1 Rf8 30. Nd4 Nxd4 31. cxd4 h5 32. gxh5 Nf4 33. Bg3 Rg8 34. Kf2 Nh3+ 35. Kg2 Nf4+ 36. Kf2 Nh3+ 37. Kg2 Nf4+ 38. Kf2 1/2-1/2

[Event "Chigorin Memorial 30th"]
[Site "St Petersburg"]
[Date "2023.10.21"]
[Round "1"]
[White "Salmina, Veronika"]
[Black "Sabirov, Timur"]
[Result "0-1"]
[WhiteElo "1698"]
[BlackElo "2187"]
[PlyCount "98"]
[EventDate "2023.10.21"]
[EventType "swiss"]
[EventRounds "9"]
[EventCountry "RUS"]
[SourceTitle "Mega2024 Update 01"]
[Source "Chessbase"]
[SourceDate "2023.11.12"]
[SourceVersion "1"]
[SourceVersionDate "2023.11.12"]
[SourceQuality "1"]

1. d4 d5 2. c4 dxc4 3. e4 Nf6 4. Nc3 e5 5. Nf3 exd4 6. Qxd4 Qxd4 7. Nxd4 Bc5 8. Be3 Ng4 9. Nd5 Nxe3 10. fxe3 Na6 11. Bxc4 0-0 12. Rc1 Bd6 13. 0-0 c6 14. Nc3 Bd7 15. Nf5 Bxf5 16. exf5 b5 17. Ne4 Be5 18. Bb3 Rac8 19. Rf2 c5 20. a3 Rfd8 21. Bd1 c4 22. Bf3 Rd3 23. Re2 Rc7 24. a4 b4 25. Rec2 c3 26. bxc3 bxc3 27. Be2 Rxe3 28. Nxc3 Rexc3 29. Rxc3 Bxc3 30. Rd1 h5 31. Bxa6 Bf6 32. Bb5 Rc5 33. Bd7 Kf8 34. Kf2 Be5 35. h3 a6 36. Rd3 Ke7 37. Kf3 Bd6 38. Be8 Rxf5+ 39. Ke2 Kxe8 40. Rxd6 Ra5 41. Rd4 Ke7 42. Ke3 Rg5 43. Kf3 Ke6 44. Rb4 Rd5 45. Ke3 Re5+ 46. Kd3 Kd5 47. Rb7 Rf5 48. Rb6 Rg5 49. Rb2 Rg3+ 0-1

[Event "RUS-ch Blitz"]
[Site "Sochi"]
[Date "2023.10.14"]
[Round "11"]
[White "Nevostrujev, Vladimir"]
[Black "Sabirov, Timur"]
[Result "1/2-1/2"]
[WhiteElo "2381"]
[BlackElo "2187"]
[PlyCount "54"]
[EventDate "2023.10.14"]
[EventType "swiss (blitz)"]
[EventRounds "13"]
[EventCountry "RUS"]
[SourceTitle "Mega2024 Update 01"]
[Source "Chessbase"]
[SourceDate "2023.11.12"]
[SourceVersion "1"]
[SourceVersionDate "2023.11.12"]
[SourceQuality "1"]

1. e4 e6 2. d4 d5 3. Nd2 Nf6 4. e5 Nfd7 5. c3 c5 6. Bd3 Nc6 7. Ne2 cxd4 8. cxd4 f6 9. Nf4 Nxd4 10. Qh5+ Ke7 11. exf6+ Nxf6 12. Ng6+ hxg6 13. Qxh8 Kf7 14. Qh4 e5 15. Nf3 Nxf3+ 16. gxf3 Bf5 17. Bxf5 gxf5 18. Bg5 Qa5+ 19. Kf1 g6 20. Bxf6 Qa6+ 21. Kg2 Qxf6 22. Qa4 Qg5+ 23. Kf1 Ke6 24. Rg1 Qh5 25. Rc1 Bd6 26. Qb3 e4 27. Rd1 Bxh2 1/2-1/2

[Event "RUS-ch Blitz"]
[Site "Sochi"]
[Date "2023.10.14"]
[Round "10"]
[White "Sabirov, Timur"]
[Black "Samusenko, Maksim"]
[Result "1/2-1/2"]
[WhiteElo "2187"]
[BlackElo "2427"]
[PlyCount "134"]
[EventDate "2023.10.14"]
[EventType "swiss (blitz)"]
[EventRounds "13"]
[EventCountry "RUS"]
[SourceTitle "Mega2024 Update 01"]
[Source "Chessbase"]
[SourceDate "2023.11.12"]
[SourceVersion "1"]
[SourceVersionDate "2023.11.12"]
[SourceQuality "1"]

1. c4 g6 2. g3 Bg7 3. Bg2 d6 4. Nc3 e5 5. e3 Nf6 6. Nge2 0-0 7. 0-0 Re8 8. d3 c6 9. Rb1 a5 10. a3 Be6 11. b4 axb4 12. axb4 Qd7 13. Re1 Bh3 14. Bh1 Qf5 15. Ne4 Nxe4 16. Bxe4 Qh5 17. Nc3 Bg4 18. Qb3 Nd7 19. Bb2 Nf6 20. Bg2 Bh3 21. Qd1 Bg4 22. Qd2 Rad8 23. b5 d5 24. bxc6 bxc6 25. cxd5 cxd5 26. Ra1 Bf3 27. Bf1 d4 28. exd4 Bh6 29. Qc2 exd4 30. Ne4 Nxe4 31. dxe4 Bg7 32. Ra3 Bg4 33. Qd3 Be6 34. Bg2 Rb8 35. Bc1 Qc5 36. Bf4 Rbc8 37. Raa1 Bc4 38. Qd2 d3 39. Rac1 Qb6 40. e5 Ba6 41. Rxc8 Rxc8 42. e6 fxe6 43. Bh3 Re8 44. Qa2 Bc8 45. Qc4 Qa6 46. Qxa6 Bxa6 47. Rxe6 Rxe6 48. Bxe6+ Kh8 49. Bd2 Bd4 50. Kf1 Kg7 51. Ke1 Kf6 52. Bb3 Bc8 53. Bc4 Bf5 54. h4 h5 55. f3 Be5 56. Bg5+ Kg7 57. Bf4 Bxf4 58. gxf4 Kf6 59. Kd2 Bd7 60. Bxd3 Bc6 61. Ke3 Bb7 62. Bb5 Ba8 63. Bd7 Bb7 64. f5 gxf5 65. Kf4 Bxf3 66. Kxf3 Kg7 67. Kf4 Kh6 1/2-1/2

[Event "Cheliabinsk Panchenko Memorial op-A"]
[Site "Cheliabinsk"]
[Date "2023.09.20"]
[Round "10"]
[White "Somkin, Kirill"]
[Black "Sabirov, Timur"]
[Result "1/2-1/2"]
[WhiteElo "2185"]
[BlackElo "2019"]
[PlyCount "105"]
[EventDate "2023.09.11"]
[EventType "swiss"]
[EventRounds "10"]
[EventCountry "RUS"]
[SourceTitle "EXT 2024"]
[Source "ChessBase"]
[SourceDate "2023.10.10"]
[SourceVersion "1"]
[SourceVersionDate "2023.10.10"]
[SourceQuality "1"]

1. e4 e6 2. d4 d5 3. Nc3 Bb4 4. e5 c5 5. Bd2 Ne7 6. a3 Bxc3 7. Bxc3 b6 8. h4 Ba6 9. Bxa6 Nxa6 10. Qe2 Nb8 11. 0-0-0 Nbc6 12. h5 h6 13. g4 cxd4 14. Bxd4 Nxd4 15. Rxd4 Nc6 16. Rd3 Qg5+ 17. Re3 Rc8 18. Nh3 Nd4 19. Nxg5 Nxe2+ 20. Rxe2 hxg5 21. b3 Rc3 22. Re3 Rxe3 23. fxe3 f6 24. exf6 gxf6 25. Kd2 Kf7 26. Rf1 f5 27. gxf5 e5 28. e4 dxe4 29. Rh1 Kf6 30. Ke3 g4 31. Kxe4 Kg5 32. c4 Rxh5 33. Rxh5+ Kxh5 34. Kxe5 g3 35. f6 Kg6 36. Ke6 g2 37. f7 g1Q 38. f8Q Qe3+ 39. Kd5 Qxb3 40. Qb4 Qf3+ 41. Kd6 Qf8+ 42. Kc6 Qc8+ 43. Kb5 Kf5 44. Qd6 Qe8+ 45. Qc6 Qxc6+ 46. Kxc6 Ke5 47. a4 Kd4 48. Kb5 a5 49. Kxb6 Kxc4 50. Kxa5 Kc5 51. Ka6 Kc6 52. Ka7 Kc7 53. a5 1/2-1/2

[Event "Cheliabinsk Panchenko Memorial op-A"]
[Site "Cheliabinsk"]
[Date "2023.09.17"]
[Round "7"]
[White "Gitelson, Arkady"]
[Black "Sabirov, Timur"]
[Result "0-1"]
[WhiteElo "2207"]
[BlackElo "2019"]
[PlyCount "78"]
[EventDate "2023.09.11"]
[EventType "swiss"]
[EventRounds "10"]
[EventCountry "RUS"]
[SourceTitle "EXT 2024"]
[Source "ChessBase"]
[SourceDate "2023.10.10"]
[SourceVersion "1"]
[SourceVersionDate "2023.10.10"]
[SourceQuality "1"]

1. e4 e6 2. d4 d5 3. e5 c5 4. c3 Qb6 5. Nf3 Nc6 6. Bd3 cxd4 7. cxd4 Bd7 8. 0-0 Nxd4 9. Nbd2 Ne7 10. Nxd4 Qxd4 11. Nf3 Qa4 12. b3 Qa5 13. Bd2 Qd8 14. Rc1 Nc6 15. Bb1 Ba3 16. Rc3 Bb4 17. Bg5 Qa5 18. Rd3 h6 19. Bc1 0-0-0 20. Bb2 g5 21. Qc1 Kb8 22. a3 Be7 23. b4 Qb6 24. Qd1 g4 25. Nd2 h5 26. Nb3 Rdg8 27. Qe2 h4 28. Bc1 g3 29. Be3 gxh2+ 30. Kh1 Qd8 31. Nc5 Bc8 32. Rdd1 Qf8 33. Qb5 Bxc5 34. Qxc5 Qg7 35. Rg1 hxg1Q+ 36. Rxg1 h3 37. g4 h2 38. Rg3 Qxe5 39. b5 d4 0-1

[Event "Moscow op-A 19th"]
[Site "Moscow"]
[Date "2023.07.23"]
[Round "9"]
[White "Talibov, Shiroghlan"]
[Black "Sabirov, Timur"]
[Result "1-0"]
[WhiteElo "2348"]
[BlackElo "2055"]
[PlyCount "75"]
[EventDate "2023.07.17"]
[EventType "swiss"]
[EventRounds "9"]
[EventCountry "RUS"]
[SourceTitle "CBM 215 Extra"]
[Source "ChessBase"]
[SourceDate "2023.09.30"]
[SourceVersion "1"]
[SourceVersionDate "2023.09.30"]
[SourceQuality "1"]

1. e4 e6 2. d4 d5 3. Nc3 Bb4 4. e5 c5 5. Bd2 cxd4 6. Nb5 Bc5 7. b4 a6 8. bxc5 axb5 9. Qg4 Kf8 10. Nf3 Bd7 11. Nxd4 Ra4 12. c3 Na6 13. Bd3 Nxc5 14. Bc2 Rc4 15. 0-0 Ne7 16. Rfe1 Ng6 17. Rac1 Bc6 18. Qe2 Nd7 19. Bb3 Ngxe5 20. f4 Rxd4 21. cxd4 Nc4 22. Bb4+ Kg8 23. f5 e5 24. dxe5 Ncxe5 25. Rcd1 Qb6+ 26. Kh1 h5 27. Bxd5 Bxd5 28. Rxd5 Ng4 29. h3 Nf2+ 30. Kh2 Nf6 31. Rd6 Qa7 32. Rxf6 gxf6 33. Qd2 Qa4 34. Re8+ Kg7 35. Rxh8 Kxh8 36. Qh6+ Kg8 37. Qf8+ Kh7 38. Qxf7+ 1-0

[Event "Khanty-Mansiysk Governor Cup Rapid 18th"]
[Site "Khanty-Mansiysk"]
[Date "2022.11.27"]
[Round "5"]
[White "Petrov, Nikita"]
[Black "Sabirov, Timur"]
[Result "1-0"]
[WhiteElo "2553"]
[BlackElo "1869"]
[PlyCount "91"]
[EventDate "2022.11.26"]
[EventType "swiss (rapid)"]
[EventRounds "11"]
[EventCountry "RUS"]
[SourceTitle "CBM 211 Extra"]
[Source "ChessBase"]
[SourceDate "2023.01.31"]
[SourceVersion "1"]
[SourceVersionDate "2023.01.31"]
[SourceQuality "1"]

1. d4 d5 2. Nf3 Nf6 3. Bf4 c5 4. e3 Nc6 5. Nbd2 g6 6. c3 Bg7 7. h3 0-0 8. Bd3 Nd7 9. Bg5 Qb6 10. Rb1 e5 11. dxe5 Ndxe5 12. Bc2 Qa6 13. Nxe5 Nxe5 14. Be7 Re8 15. Bxc5 Bf5 16. Bxf5 gxf5 17. Bd4 Nd3+ 18. Kf1 Bxd4 19. cxd4 Nf4+ 20. Kg1 Ne2+ 21. Kh2 Rxe3 22. Re1 Re6 23. Nf3 Nf4 24. Qd2 Qd6 25. g3 Ng6 26. Rxe6 fxe6 27. h4 f4 28. g4 Qe7 29. Kh3 Rf8 30. Re1 h6 31. Qe2 Re8 32. h5 Nh8 33. Qe5 Nf7 34. Qxf4 Rf8 35. Qe3 Qf6 36. Kg2 Re8 37. Ne5 Ng5 38. Rc1 Ne4 39. f3 Ng5 40. Rc7 Re7 41. Nd7 Qf7 42. Rc8+ Kh7 43. Nf8+ Kg7 44. Ng6 Rd7 45. Qe5+ Qf6 46. Rg8+ 1-0